[Event "Montcalm 6 2024-25"]
[Site "Quebec CAN"]
[Date "2025.04.24"]
[Round "5"]
[White "Laflamme, Simon"]
[Black "Dube, Dominic"]
[Result "1-0"]
[WhiteElo "1855"]
[BlackElo "1807"]
[WhiteFideId "-1"]
[WhiteFideId "-1"]
[PlyCount "97"]
[GameId "2172342674242317"]
[EventDate "2025.03.27"]
[EventType "swiss"]
[EventRounds "5"]
[EventCountry "CAN"]

1. d4 c6 2. c4 d5 3. Nc3 Nf6 4. cxd5 cxd5 5. Bf4 Qb6 6. Qd2 Nc6 7. e3 a6 8. Bd3 Bg4 9. f3 Bh5 10. g4 Nb4 11. gxh5 Nxd3+ 12. Qxd3 Qxb2 13. Rb1 Qg2 14. Nge2 Qxf3 15. Rf1 Qxh5 16. Rxb7 Nd7 17. Ng3 Qg4 18. Nxd5 Rc8 19. Qf5 Qxf5 20. Nxf5 e6 21. Nc7+ Kd8 22. Nd6 Bxd6 23. Bxd6 Nf6 24. Nxa6 Re8 25. Bc7+ Kd7 26. Be5+ Kc6 27. Rxf7 Nd5 28. e4 Ne3 29. R1f3 Nc2+ 30. Kd2 Kb6 31. Nc5 Nxd4 32. Bxd4 e5 33. Be3 Ra8 34. a4 Rg8 35. Bf2 Kc6 36. Rc3 Rad8+ 37. Kc2 Ra8 38. Nd3+ Kd6 39. Kb3 Rgb8+ 40. Ka3 Rb1 41. Ka2 Rab8 42. Bc5+ Ke6 43. Re7+ Kf6 44. Rxe5 Rh1 45. Rf5+ Ke6 46. Nf4+ Kd7 47. Rf7+ Kd8 48. Ne6+ Ke8 49. Re7# 1-0

[Event "Montcalm 6 2024-25"]
[Site "Quebec CAN"]
[Date "2025.04.24"]
[Round "5"]
[White "Mercure, Gilbert"]
[Black "Demushkina, Alina"]
[Result "1-0"]
[WhiteElo "1807"]
[BlackElo "1684"]
[WhiteFideId "-1"]
[WhiteFideId "-1"]
[PlyCount "97"]
[GameId "2172342674242319"]
[EventDate "2025.03.27"]
[EventType "swiss"]
[EventRounds "5"]
[EventCountry "CAN"]

1. e4 c5 2. b4 d6 3. Bc4 Nc6 4. a3 Nf6 5. Bb2 g6 6. bxc5 dxc5 7. e5 Nd5 8. e6 f6 9. Qe2 Qd6 10. Nc3 Nxc3 11. Bxc3 a6 12. a4 Nd4 13. Bxd4 Qxd4 14. c3 Qd6 15. Nf3 Bh6 16. O-O O-O 17. d4 b6 18. d5 Bb7 19. Rfd1 b5 20. axb5 axb5 21. Rxa8 Rxa8 22. Bxb5 Bxd5 23. c4 Bxf3 24. Qxf3 Qb8 25. g3 Ra7 26. Qd5 Rc7 27. Qd8+ Qxd8 28. Rxd8+ Bf8 29. Rd7 Rc8 30. f4 f5 31. Ba6 Rc6 32. Bb7 Rxe6 33. Bd5 Kf7 34. Rc7 Kf6 35. Bxe6 Kxe6 36. Rxc5 Kd6 37. Rc8 Bg7 38. Kg2 Bf6 39. Kf3 e5 40. fxe5+ Bxe5 41. h3 g5 42. g4 f4 43. Ke4 Bc3 44. Rg8 h6 45. Rg6+ Kc5 46. Rxh6 Kxc4 47. Rc6+ Kb3 48. Rg6 Bd2 49. Kf3 1-0

[Event "Montcalm 6 2024-25"]
[Site "Quebec CAN"]
[Date "2025.04.24"]
[Round "5"]
[White "Pouliot, Lewis"]
[Black "Burigusa, Guillaume"]
[Result "1-0"]
[WhiteElo "1419"]
[BlackElo "1162"]
[WhiteFideId "-1"]
[WhiteFideId "-1"]
[PlyCount "61"]
[GameId "2172342674242326"]
[EventDate "2025.03.27"]
[EventType "swiss"]
[EventRounds "5"]
[EventCountry "CAN"]

1. c4 e5 2. e4 Nf6 3. Nc3 c6 4. Nf3 d6 5. h3 Be6 6. d3 Nbd7 7. Be2 Be7 8. O-O O-O 9. d4 Qc7 10. d5 cxd5 11. cxd5 Bxh3 12. gxh3 Nc5 13. Bg5 h6 14. Bxf6 Bxf6 15. Nd2 Qd7 16. Bg4 Qe7 17. Nb3 b6 18. Nc1 Rab8 19. b4 Na6 20. a3 Rbc8 21. Bxc8 Qc7 22. Bxa6 Qxc3 23. Nd3 Qd4 24. Qf3 Rb8 25. Rfc1 b5 26. Ra2 Qb6 27. Rc8+ Bd8 28. Rxb8 Qxb8 29. Qg4 Bb6 30. Qc8+ Qxc8 31. Bxc8 1-0

[Event "Montcalm 6 2024-25"]
[Site "Quebec CAN"]
[Date "2025.04.24"]
[Round "5"]
[White "Sauve, Richard"]
[Black "Dumont, Eric"]
[Result "1-0"]
[WhiteElo "1832"]
[BlackElo "1695"]
[WhiteFideId "-1"]
[WhiteFideId "-1"]
[PlyCount "87"]
[GameId "2172342674242318"]
[EventDate "2025.03.27"]
[EventType "swiss"]
[EventRounds "5"]
[EventCountry "CAN"]

1. d4 d5 2. c4 c6 3. Nc3 Nf6 4. Nf3 g6 5. e3 Bg7 6. Bd3 Nbd7 7. O-O O-O 8. Bd2 Re8 9. cxd5 cxd5 10. Rc1 e5 11. dxe5 Nxe5 12. Nxe5 Rxe5 13. Qc2 a6 14. Rfd1 Rh5 15. Be2 Bg4 16. Be1 Bxe2 17. Qxe2 Qd6 18. g3 Re8 19. Qf3 Qe6 20. h4 Rf5 21. Qg2 Bh6 22. Rd3 Ng4 23. Rcd1 Bxe3 24. fxe3 Ne5 25. Rxd5 Nf3+ 26. Kh1 Qxe3 27. Bf2 Nxh4 28. Bxe3 Nxg2 29. Kxg2 Rxe3 30. Rxf5 gxf5 31. Kf2 Re7 32. Rd5 f4 33. gxf4 f6 34. a4 Kg7 35. Kf3 Kg6 36. Ne4 h5 37. f5+ Kg7 38. Kf4 Rc7 39. a5 Re7 40. b4 Rc7 41. Nc5 Kf7 42. Rd7+ Rxd7 43. Nxd7 Ke7 44. Nc5 1-0

[Event "Montcalm 6 2024-25"]
[Site "Quebec CAN"]
[Date "2025.04.24"]
[Round "5"]
[White "Thibeault Page, Etienne"]
[Black "Miskic, Zdenko"]
[Result "1-0"]
[WhiteElo "1288"]
[BlackElo "1629"]
[WhiteFideId "-1"]
[WhiteFideId "-1"]
[PlyCount "135"]
[GameId "2172342674242324"]
[EventDate "2025.03.27"]
[EventType "swiss"]
[EventRounds "5"]
[EventCountry "CAN"]

1. e4 c6 2. Nf3 d5 3. d3 e6 4. e5 c5 5. g3 Nc6 6. Bg2 Qc7 7. Bf4 Nge7 8. O-O Ng6 9. Qd2 a6 10. c3 Ngxe5 11. Nxe5 Nxe5 12. d4 cxd4 13. cxd4 Bd6 14. dxe5 Bxe5 15. Bxe5 Qxe5 16. Re1 Qf6 17. Bxd5 O-O 18. Bg2 Rd8 19. Qc2 Rb8 20. Nc3 b5 21. Rad1 Bb7 22. Rxd8+ Qxd8 23. Bxb7 Rxb7 24. Rd1 Qc8 25. Qd3 g6 26. Qd8+ Qxd8 27. Rxd8+ Kg7 28. a3 b4 29. axb4 Rxb4 30. Rd2 a5 31. Na2 Rb3 32. Nc1 Rb5 33. b3 f5 34. Kg2 Kf6 35. Ra2 e5 36. f3 g5 37. Rc2 e4 38. fxe4 fxe4 39. Kf2 Ke5 40. Ke3 Rd5 41. Rc6 Rb5 42. Rc4 Rd5 43. Rxe4+ Kf5 44. g4+ Kf6 45. h3 Rc5 46. Nd3 Rb5 47. Ra4 Rxb3 48. Rxa5 Rb6 49. Rf5+ Kg6 50. Ne5+ Kg7 51. Rxg5+ Kf6 52. Nd7+ Kxg5 53. Nxb6 h5 54. gxh5 Kxh5 55. Kf3 Kh4 56. Kg2 Kg5 57. Kg3 Kf5 58. Kh4 Kg6 59. Nd5 Kh6 60. Nf4 Kg7 61. Kh5 Kh7 62. Ne6 Kg8 63. Kh6 Kh8 64. Kg6 Kg8 65. Ng5 Kh8 66. Nf7+ Kg8 67. h4 Kf8 68. h5 1-0

[Event "Montcalm 6 2024-25"]
[Site "Quebec CAN"]
[Date "2025.04.24"]
[Round "5"]
[White "Yergeau, Samuel"]
[Black "Mungroo, Dharmein"]
[Result "1-0"]
[WhiteElo "1354"]
[BlackElo "1503"]
[WhiteFideId "-1"]
[WhiteFideId "-1"]
[PlyCount "93"]
[GameId "2172342674242323"]
[EventDate "2025.03.27"]
[EventType "swiss"]
[EventRounds "5"]
[EventCountry "CAN"]

1. e4 d5 2. exd5 Qxd5 3. Nc3 Qa5 4. Nf3 Bg4 5. g3 c6 6. Bg2 Nf6 7. b4 Bxf3 8. Bxf3 Qe5+ 9. Qe2 Qxe2+ 10. Nxe2 e5 11. Rb1 e4 12. Bg2 Nbd7 13. Nc3 Bd6 14. Nxe4 Nxe4 15. Bxe4 O-O 16. O-O f5 17. Bg2 f4 18. b5 f3 19. Bh3 Ne5 20. d4 Ng6 21. bxc6 bxc6 22. c4 Rab8 23. Bd2 Kf7 24. c5 Bc7 25. Bd7 Ne7 26. Bg5 Rfd8 27. Bg4 Rxd4 28. Bxf3 Nd5 29. Rfe1 Rxb1 30. Rxb1 Kg6 31. Bxd5 Kxg5 32. Bxc6 Rc4 33. Rb7 Rc1+ 34. Kg2 Ba5 35. Rxg7+ Kf6 36. Rxa7 Rxc5 37. Ra6 Kg5 38. h4+ Kf5 39. Bd7+ Ke5 40. Rh6 Kd4 41. Rxh7 Rc2 42. h5 Rxa2 43. h6 Ke5 44. Rf7 Kd6 45. Bc8 Bc3 46. h7 Ra8 47. Rd7+ 1-0

[Event "Montcalm 7 2024-25"]
[Site "Quebec CAN"]
[Date "2025.05.01"]
[Round "1"]
[White "Bergeron, Nicolas"]
[Black "Poliquin, Yvon"]
[Result "1-0"]
[WhiteElo "1647"]
[BlackElo "1856"]
[WhiteFideId "-1"]
[WhiteFideId "-1"]
[PlyCount "65"]
[GameId "2173549900798368"]
[EventDate "2025.05.01"]
[EventType "swiss"]
[EventRounds "5"]
[EventCountry "CAN"]

1. e4 c5 2. Nf3 Nc6 3. d4 cxd4 4. Nxd4 Qb6 5. Nb3 Nf6 6. Nc3 e6 7. Be3 Qc7 8. Be2 a6 9. O-O b5 10. f3 Rb8 11. Qd2 Ne5 12. Nd4 Nc4 13. Bxc4 Qxc4 14. Rfd1 b4 15. Na4 d6 16. Ne2 Qc6 17. b3 Be7 18. Rac1 Qb7 19. c3 bxc3 20. Nexc3 O-O 21. Nb6 Bd7 22. e5 Ne8 23. exd6 Bd8 24. Nxd7 Qxd7 25. Ne4 Qb5 26. Rc5 Qb7 27. Rdc1 Bb6 28. d7 Nf6 29. Nxf6+ gxf6 30. Bh6 Bxc5+ 31. Rxc5 Qb6 32. Qd4 Qb4 33. Qxb4 1-0

[Event "Montcalm 7 2024-25"]
[Site "Quebec CAN"]
[Date "2025.05.01"]
[Round "1"]
[White "Fleury, Dominic"]
[Black "Sarra-Bournet, Marc"]
[Result "0-1"]
[WhiteElo "1336"]
[BlackElo "1752"]
[WhiteFideId "-1"]
[WhiteFideId "-1"]
[PlyCount "62"]
[GameId "2173549900798377"]
[EventDate "2025.05.01"]
[EventType "swiss"]
[EventRounds "5"]
[EventCountry "CAN"]

1. c4 e5 2. Nc3 Nf6 3. e3 Nc6 4. Nf3 Bb4 5. a3 Bxc3 6. bxc3 O-O 7. d4 d6 8. Be2 Bf5 9. d5 Ne7 10. O-O Ng6 11. h3 Qd7 12. Nh2 Qe7 13. f3 Bd7 14. e4 Nh5 15. Qe1 Ngf4 16. Ng4 Nxe2+ 17. Qxe2 Ng3 18. Qf2 Nxf1 19. Kxf1 f5 20. exf5 Bxf5 21. Bd2 Bd3+ 22. Kg1 Bxc4 23. Ne3 Bd3 24. g4 Qf7 25. Kg2 e4 26. Nf5 exf3+ 27. Qxf3 Bxf5 28. gxf5 Qxf5 29. Rf1 Qg6+ 30. Qg4 Qxg4+ 31. hxg4 Rae8 0-1

[Event "Montcalm 7 2024-25"]
[Site "Quebec CAN"]
[Date "2025.05.01"]
[Round "1"]
[White "Gagne, Louis"]
[Black "Lapierre, Gaetan"]
[Result "0-1"]
[WhiteElo "1222"]
[BlackElo "1711"]
[WhiteFideId "-1"]
[WhiteFideId "-1"]
[PlyCount "108"]
[GameId "2173549900798378"]
[EventDate "2025.05.01"]
[EventType "swiss"]
[EventRounds "5"]
[EventCountry "CAN"]

1. e4 e5 2. Nf3 Nc6 3. Nc3 Bc5 4. Nxe5 Nxe5 5. d4 Bd6 6. dxe5 Bxe5 7. Bc4 d6 8. O-O Be6 9. Bb3 a6 10. f4 Bxc3 11. bxc3 Bxb3 12. cxb3 Nf6 13. Qe2 Qe7 14. Re1 O-O 15. Bb2 Rfe8 16. e5 d5 17. c4 c6 18. Kf1 Ne4 19. cxd5 cxd5 20. Rad1 Rad8 21. Rd3 Qh4 22. Kg1 Nc5 23. Rd4 Ne6 24. g3 Nxd4 25. Bxd4 Qh3 26. g4 Rc8 27. Rf1 Rc6 28. f5 Rec8 29. Qf3 Qxf3 30. Rxf3 Rc1+ 31. Kg2 Rd1 32. Bb6 Rd2+ 33. Rf2 Rxf2+ 34. Kxf2 Rc6 35. Bd4 Rc2+ 36. Kg3 Rxa2 37. e6 fxe6 38. fxe6 Re2 39. Kf4 Rxe6 40. Kf5 Re4 41. Bc5 Kf7 42. h4 g6+ 43. Kg5 h6+ 44. Kxh6 Rxg4 45. Bf2 Rb4 46. Kg5 Rxb3 47. Bc5 a5 48. Kf4 Ke6 49. Kg5 Rg3+ 50. Kh6 b5 51. Bf2 Rg4 52. Kg7 b4 53. Be3 d4 54. Bg5 Kf5 0-1

[Event "Montcalm 7 2024-25"]
[Site "Quebec CAN"]
[Date "2025.05.01"]
[Round "1"]
[White "Laflamme, Simon"]
[Black "Hasbun, Merick"]
[Result "1-0"]
[WhiteElo "1853"]
[BlackElo "1606"]
[WhiteFideId "-1"]
[WhiteFideId "-1"]
[PlyCount "83"]
[GameId "2173549900798369"]
[EventDate "2025.05.01"]
[EventType "swiss"]
[EventRounds "5"]
[EventCountry "CAN"]

1. Nf3 Nf6 2. c4 d5 3. cxd5 Nxd5 4. d4 Nc6 5. e4 Nf6 6. d5 Nb8 7. Nc3 e6 8. Bc4 exd5 9. exd5 Bd6 10. O-O O-O 11. Bg5 h6 12. Bh4 Nbd7 13. Re1 Re8 14. Qd4 Be7 15. Re2 Bc5 16. Bxf6 gxf6 17. Qg4+ Kh8 18. Qh5 Kg7 19. d6 Ne5 20. Nxe5 fxe5 21. Qxf7+ Kh8 22. Bd3 Qd7 23. Qh5 Re6 24. Bf5 Qe8 25. Qxe8+ Rxe8 26. d7 Bxd7 27. Bxd7 Rf8 28. Bg4 Rf4 29. Bf3 Bd4 30. Bxb7 Re8 31. Nd5 Rf7 32. Ne3 c5 33. Bd5 Rc7 34. Rae1 Rb8 35. Nc4 Rb4 36. b3 Rd7 37. Bc6 Rd8 38. Nxe5 Bc3 39. Nf7+ Kg7 40. Nxd8 Bxe1 41. Rxe1 Rd4 42. Ne6+ 1-0

[Event "Montcalm 7 2024-25"]
[Site "Quebec CAN"]
[Date "2025.05.01"]
[Round "1"]
[White "Marquis, Paul"]
[Black "Boissinot, Claude"]
[Result "1/2-1/2"]
[WhiteElo "1830"]
[BlackElo "1471"]
[WhiteFideId "-1"]
[WhiteFideId "-1"]
[PlyCount "69"]
[GameId "2173549900798373"]
[EventDate "2025.05.01"]
[EventType "swiss"]
[EventRounds "5"]
[EventCountry "CAN"]

1. e4 c5 2. Nf3 Nc6 3. d4 cxd4 4. Nxd4 e5 5. Nb5 d6 6. N1c3 a6 7. Na3 b5 8. Nd5 Bb7 9. Be3 Rb8 10. Bb6 Qh4 11. Qd3 Nf6 12. Nxf6+ Qxf6 13. c3 Be7 14. Rd1 O-O 15. Be2 Ba8 16. Be3 Nd8 17. Nc2 Ne6 18. Nb4 Nc5 19. Bxc5 dxc5 20. Nd5 Bxd5 21. exd5 Rfd8 22. O-O Bd6 23. b3 Re8 24. Qe4 Qg5 25. Qg4 Qxg4 26. Bxg4 Re7 27. Rfe1 g6 28. h4 f5 29. Bh3 h5 30. g3 Kg7 31. Bg2 Rf8 32. f4 e4 33. c4 b4 34. Kf2 Rff7 35. Ke3 1/2-1/2

[Event "Montcalm 7 2024-25"]
[Site "Quebec CAN"]
[Date "2025.05.01"]
[Round "1"]
[White "Michaud, Jacques"]
[Black "Auger, Bertrand"]
[Result "0-1"]
[WhiteElo "1489"]
[BlackElo "1842"]
[WhiteFideId "-1"]
[WhiteFideId "-1"]
[PlyCount "68"]
[GameId "2173549900798372"]
[EventDate "2025.05.01"]
[EventType "swiss"]
[EventRounds "5"]
[EventCountry "CAN"]

1. d4 f5 2. Bg5 g6 3. Nf3 Bg7 4. g3 Nf6 5. c3 d6 6. Bg2 O-O 7. Qb3+ e6 8. Nbd2 Qe8 9. O-O Nbd7 10. Rfe1 Ne4 11. Nxe4 fxe4 12. Nd2 h6 13. Be3 d5 14. f3 Nf6 15. Nf1 g5 16. fxe4 dxe4 17. Qc2 Qg6 18. Bxe4 Qxe4 19. Qxe4 Nxe4 20. Nd2 Nxd2 21. Bxd2 e5 22. e3 e4 23. Rf1 Bh3 24. Rf2 Rxf2 25. Kxf2 Rf8+ 26. Kg1 h5 27. Re1 h4 28. Bc1 Rf3 29. gxh4 g4 30. Kh1 Bf6 31. h5 Bh4 32. Rd1 Bf1 33. Bd2 Be2 34. Rg1 Rf2 0-1

[Event "Montcalm 7 2024-25"]
[Site "Quebec CAN"]
[Date "2025.05.01"]
[Round "1"]
[White "Miskic, Zdenko"]
[Black "Glode, Martin"]
[Result "1/2-1/2"]
[WhiteElo "1598"]
[BlackElo "1847"]
[WhiteFideId "-1"]
[WhiteFideId "-1"]
[PlyCount "36"]
[GameId "2173549900798370"]
[EventDate "2025.05.01"]
[EventType "swiss"]
[EventRounds "5"]
[EventCountry "CAN"]

1. e4 Nf6 2. e5 Nd5 3. c4 Nb6 4. d4 d6 5. f4 dxe5 6. fxe5 Nc6 7. Be3 Bf5 8. a3 a5 9. Nf3 e6 10. Bd3 Bg4 11. O-O Be7 12. Be2 O-O 13. Nc3 Qd7 14. c5 Nd5 15. Nxd5 Qxd5 16. Qd2 a4 17. Qc3 Na5 18. h3 Bh5 1/2-1/2

[Event "Montcalm 7 2024-25"]
[Site "Quebec CAN"]
[Date "2025.05.01"]
[Round "1"]
[White "Oliver, Vance"]
[Black "Perreault, Jacquelin"]
[Result "0-1"]
[WhiteElo "1409"]
[BlackElo "1761"]
[WhiteFideId "-1"]
[WhiteFideId "-1"]
[PlyCount "112"]
[GameId "2173549900798376"]
[EventDate "2025.05.01"]
[EventType "swiss"]
[EventRounds "5"]
[EventCountry "CAN"]

1. e4 c5 2. Nf3 d6 3. d4 cxd4 4. Nxd4 Nf6 5. Nc3 a6 6. Be2 e5 7. Nb3 Be6 8. O-O Be7 9. Be3 O-O 10. a4 Nc6 11. f3 Rc8 12. Qd2 d5 13. exd5 Nxd5 14. Nxd5 Qxd5 15. Qxd5 Bxd5 16. c4 Be6 17. Nc5 Nd4 18. Bxd4 exd4 19. Nxe6 fxe6 20. Bd3 Bb4 21. Rf2 g6 22. Re2 Kf7 23. Rd1 a5 24. b3 b6 25. Re5 Kf6 26. Rb5 Bc5 27. Kf1 e5 28. Ke2 g5 29. Be4 h5 30. Rf1 Kg7 31. h3 Rf6 32. Kd3 Rcf8 33. Ke2 g4 34. Kd3 Kh6 35. hxg4 hxg4 36. Rh1+ Kg5 37. fxg4 Kxg4 38. Bf3+ Rxf3+ 39. gxf3+ Rxf3+ 40. Ke4 Re3+ 41. Kd5 e4 42. Rxc5 bxc5 43. Kxc5 d3 44. Kd4 Re2 45. Rd1 Kf3 46. c5 Rc2 47. b4 Ke2 48. Rb1 d2 49. b5 Rc1 50. Rb2 e3 51. b6 Ke1 52. b7 d1=Q+ 53. Ke4 Qxa4+ 54. Kf3 Qc6+ 55. Kg3 Qg6+ 56. Kf3 Qf6+ 0-1

[Event "Montcalm 7 2024-25"]
[Site "Quebec CAN"]
[Date "2025.05.01"]
[Round "1"]
[White "Sauve, Richard"]
[Black "Girard-Tremblay, Eliot"]
[Result "1-0"]
[WhiteElo "1842"]
[BlackElo "1544"]
[WhiteFideId "-1"]
[WhiteFideId "-1"]
[PlyCount "89"]
[GameId "2173549900798371"]
[EventDate "2025.05.01"]
[EventType "swiss"]
[EventRounds "5"]
[EventCountry "CAN"]

1. d4 Nf6 2. c4 g6 3. Nc3 Bg7 4. e4 d6 5. f3 O-O 6. Be3 Nbd7 7. Qd2 e5 8. d5 Nb6 9. Bd3 Bd7 10. a4 a5 11. Nge2 c6 12. O-O Qc7 13. Rac1 Rfc8 14. b3 Be8 15. Bb1 Nbd7 16. Rfd1 Nc5 17. Bc2 Rab8 18. Rb1 Na6 19. dxc6 Nb4 20. Nb5 Qd8 21. c7 Rxc7 22. Nxc7 Qxc7 23. Nc3 Rd8 24. Bd3 Bc6 25. Nd5 Nfxd5 26. cxd5 Bd7 27. Rdc1 Qb8 28. Bb6 Nxd3 29. Qxd3 Rc8 30. Kf1 Bh6 31. Rc2 f5 32. Bxa5 fxe4 33. Rxc8+ Qxc8 34. fxe4 Bf4 35. h3 Qc5 36. Bd2 Bh2 37. Be3 Qb4 38. Qc4 Qa5 39. Rc1 Qd8 40. Qe2 Qh4 41. Bf2 Qf4 42. Qe3 Qf7 43. Rc3 Bf4 44. Qb6 Bg3 45. Rxg3 1-0

[Event "Montcalm 7 2024-25"]
[Site "Quebec CAN"]
[Date "2025.05.01"]
[Round "1"]
[White "Savard, Alexandre"]
[Black "Mungroo, Dharmein"]
[Result "0-1"]
[WhiteElo "1780"]
[BlackElo "1457"]
[WhiteFideId "-1"]
[WhiteFideId "-1"]
[PlyCount "90"]
[GameId "2173549900798375"]
[EventDate "2025.05.01"]
[EventType "swiss"]
[EventRounds "5"]
[EventCountry "CAN"]

1. d4 c5 2. d5 Nf6 3. Nc3 g6 4. e4 d6 5. Be2 Bg7 6. Nf3 a6 7. a4 O-O 8. O-O Nbd7 9. Nd2 Re8 10. Nc4 Nb6 11. h3 h6 12. Bf4 Nxc4 13. Bxc4 Kh7 14. Qd2 Nd7 15. Rfe1 Ne5 16. Bxe5 dxe5 17. Rad1 Qd6 18. Qe2 Bd7 19. f4 Rad8 20. Kh1 Rf8 21. Bd3 Rde8 22. f5 Qf6 23. b3 Rd8 24. Qe3 Qd6 25. Qe2 Be8 26. Nb1 Bf6 27. Na3 Bg5 28. Qf2 Bd7 29. h4 Bf6 30. g4 g5 31. h5 Rb8 32. Nc4 Qc7 33. a5 Kg7 34. Nb6 Be8 35. Bc4 Qd6 36. Rd3 Kg8 37. Rc3 Bg7 38. Bd3 f6 39. Rxc5 Bf7 40. Re3 Qxc5 41. Nc4 Rfc8 42. Qd2 Be8 43. b4 Qc7 44. c3 Bb5 45. Nb6 Qxc3 0-1

[Event "Montcalm 7 2024-25"]
[Site "Quebec CAN"]
[Date "2025.05.01"]
[Round "1"]
[White "Tremblay, Charles"]
[Black "Mercure, Gilbert"]
[Result "0-1"]
[WhiteElo "1465"]
[BlackElo "1793"]
[WhiteFideId "-1"]
[WhiteFideId "-1"]
[PlyCount "78"]
[GameId "2173549900798374"]
[EventDate "2025.05.01"]
[EventType "swiss"]
[EventRounds "5"]
[EventCountry "CAN"]

1. d4 Nf6 2. Bf4 d5 3. e3 Bf5 4. Nf3 e6 5. Nbd2 Bd6 6. Ne5 Nbd7 7. c3 Bxe5 8. Bxe5 Nxe5 9. dxe5 Nd7 10. Qa4 O-O 11. Nf3 Nc5 12. Qd1 c6 13. Be2 Qb6 14. b4 Ne4 15. Qc1 c5 16. a3 cxb4 17. axb4 Rac8 18. Qa3 Nxc3 19. Nd4 Bg6 20. O-O Ne4 21. b5 a6 22. bxa6 bxa6 23. Qxa6 Qc7 24. Rfc1 Qxc1+ 25. Rxc1 Rxc1+ 26. Bf1 Nd2 27. g3 Rxf1+ 28. Kg2 Be4+ 29. f3 Bxf3+ 30. Nxf3 Rxf3 31. Qe2 Rf5 32. Qxd2 Rxe5 33. Qd4 Re4 34. Qb6 h6 35. Kf3 Rc8 36. Qb2 g5 37. Qf6 g4+ 38. Ke2 Rc2+ 39. Kd3 Rxh2 0-1

[Event "Montcalm 7 2024-25"]
[Site "Quebec CAN"]
[Date "2025.05.01"]
[Round "1"]
[White "Tremblay, Noah"]
[Black "Tremblay, Rejean"]
[Result "0-1"]
[WhiteElo "1683"]
[BlackElo "2166"]
[WhiteFideId "-1"]
[WhiteFideId "-1"]
[PlyCount "38"]
[GameId "2173549900790174"]
[EventDate "2025.05.01"]
[EventType "swiss"]
[EventRounds "5"]
[EventCountry "CAN"]

1. e4 c5 2. Nf3 d6 3. d4 cxd4 4. Nxd4 Nf6 5. Nc3 a6 6. Bg5 e6 7. f4 Qb6 8. Qd2 Qxb2 9. Rb1 Qa3 10. Be2 Nbd7 11. O-O Qc5 12. Kh1 Be7 13. Bf3 h6 14. Bh4 g5 15. fxg5 hxg5 16. Bxg5 Ng4 17. Bxg4 Bxg5 18. Qf2 Ne5 19. Na4 Qa3 0-1

[Event "Montcalm 7 2024-25"]
[Site "Quebec CAN"]
[Date "2025.05.01"]
[Round "1"]
[White "Vaillant, Charles-Etienne"]
[Black "Demushkina, Alina"]
[Result "1/2-1/2"]
[WhiteElo "1883"]
[BlackElo "1672"]
[WhiteFideId "-1"]
[WhiteFideId "-1"]
[PlyCount "105"]
[GameId "2173549900798367"]
[EventDate "2025.05.01"]
[EventType "swiss"]
[EventRounds "5"]
[EventCountry "CAN"]

1. Nf3 d5 2. e3 c5 3. b3 e6 4. Bb2 Nf6 5. c4 Nc6 6. cxd5 exd5 7. Bb5 a6 8. Bxc6+ bxc6 9. O-O Bd6 10. d4 cxd4 11. Nxd4 Bd7 12. Nc3 O-O 13. Rc1 c5 14. Nf3 Bc6 15. Ne2 Re8 16. Ng3 Bb5 17. Re1 Bd7 18. Bxf6 Qxf6 19. Qxd5 Bxg3 20. hxg3 Bc6 21. Qxc5 Bxf3 22. gxf3 Qxf3 23. Rc4 h6 24. Rec1 Red8 25. Qc6 Rd1+ 26. Rxd1 Qxd1+ 27. Kg2 Qd8 28. e4 a5 29. Qd5 Qxd5 30. exd5 Kf8 31. Kf3 Ra7 32. Ke4 Ke7 33. Kd4 Kd7 34. a3 Rb7 35. b4 axb4 36. axb4 Rb5 37. Ke5 f6+ 38. Kd4 h5 39. f4 g6 40. Rc6 Rxb4+ 41. Kc5 Rb3 42. Rxf6 Rxg3 43. Rf7+ Ke8 44. Rh7 Rc3+ 45. Kd6 Rf3 46. Ke6 Rxf4 47. Rh8+ Rf8 48. Rh6 Rg8 49. d6 g5 50. Rxh5 g4 51. Ra5 Rg6+ 52. Kf5 Rxd6 53. Kxg4 1/2-1/2

[Event "Montcalm 7 2024-25"]
[Site "Quebec CAN"]
[Date "2025.05.08"]
[Round "2"]
[White "Auger, Bertrand"]
[Black "Fahmi, Adam"]
[Result "0-1"]
[WhiteElo "1842"]
[BlackElo "1747"]
[WhiteFideId "-1"]
[WhiteFideId "-1"]
[PlyCount "66"]
[GameId "2176048015455566"]
[EventDate "2025.05.01"]
[EventType "swiss"]
[EventRounds "5"]
[EventCountry "CAN"]

1. Nf3 Nf6 2. g3 d5 3. Bg2 e6 4. c4 Be7 5. O-O O-O 6. b3 b6 7. cxd5 exd5 8. Bb2 Bb7 9. d4 Nbd7 10. Nbd2 c5 11. Nh4 Re8 12. Rc1 Rc8 13. Nc4 Ne4 14. f3 dxc4 15. fxe4 Bxh4 16. gxh4 Bxe4 17. Rf4 Bxg2 18. Kxg2 Qe7 19. e4 Rcd8 20. d5 cxb3 21. axb3 Ne5 22. Kh1 Rd6 23. Rf5 Qxh4 24. Qe2 Ng6 25. Re1 Nf4 26. Rg1 Rg6 27. Qe1 Qxe1 28. Rxe1 Nd3 29. Ref1 Nxb2 30. e5 Nd3 31. d6 Nxe5 32. d7 Nxd7 33. Rxf7 Rd6 0-1

[Event "Montcalm 7 2024-25"]
[Site "Quebec CAN"]
[Date "2025.05.08"]
[Round "2"]
[White "Boissinot, Claude"]
[Black "Vaillant, Charles-Etienne"]
[Result "0-1"]
[WhiteElo "1471"]
[BlackElo "1883"]
[WhiteFideId "-1"]
[WhiteFideId "-1"]
[PlyCount "60"]
[GameId "2176048015455569"]
[EventDate "2025.05.01"]
[EventType "swiss"]
[EventRounds "5"]
[EventCountry "CAN"]

1. e4 c5 2. d4 cxd4 3. c3 Nf6 4. e5 Nd5 5. Bc4 Qc7 6. Qe2 Nb6 7. Bb3 e6 8. Nf3 Nc6 9. Bf4 Na5 10. Bc2 Nd5 11. Bd2 Nc4 12. cxd4 Nxd2 13. Nbxd2 Qxc2 14. O-O Be7 15. Rab1 Qg6 16. g3 b6 17. Rfc1 O-O 18. Qc4 Bb7 19. Qb3 Rfc8 20. Nc4 h5 21. h4 Qg4 22. Ncd2 Bb4 23. Nh2 Qg6 24. Ndf3 Be7 25. Rd1 Rc7 26. Kh1 Rac8 27. Rg1 f5 28. Rbf1 Nb4 29. Rd1 Be4 30. Rge1 Bc2 0-1

[Event "Montcalm 7 2024-25"]
[Site "Quebec CAN"]
[Date "2025.05.08"]
[Round "2"]
[White "Burigusa, Guillaume"]
[Black "Marquis, Paul"]
[Result "0-1"]
[WhiteElo "1189"]
[BlackElo "1830"]
[WhiteFideId "-1"]
[WhiteFideId "-1"]
[PlyCount "100"]
[GameId "2176048015455570"]
[EventDate "2025.05.01"]
[EventType "swiss"]
[EventRounds "5"]
[EventCountry "CAN"]

1. e4 e6 2. d4 d5 3. Nc3 Bb4 4. exd5 Qxd5 5. Nge2 Nf6 6. a3 Bxc3+ 7. Nxc3 Qd6 8. Be2 c6 9. O-O O-O 10. Qd3 Nbd7 11. Bf3 e5 12. Ne4 Qxd4 13. Qxd4 exd4 14. Nd6 Ne5 15. Nxc8 Nxf3+ 16. gxf3 Raxc8 17. Rd1 c5 18. c3 dxc3 19. bxc3 h6 20. c4 Rfd8 21. Bb2 Nd7 22. Kh1 Nb6 23. Rg1 g6 24. Rg4 h5 25. Re4 Re8 26. Rc1 f5 27. Re5 Rxe5 28. Bxe5 Rd8 29. Bc7 Rd3 30. Bxb6 axb6 31. Kg2 Kf7 32. Rb1 Rd6 33. a4 Ke6 34. Re1+ Kd7 35. Rb1 Kc7 36. Re1 Rd4 37. Re7+ Kb8 38. Re6 Rxc4 39. Rxb6 Rxa4 40. Rxg6 c4 41. Rg5 c3 42. Rxf5 Rc4 43. Re5 c2 44. Re1 c1=Q 45. Rxc1 Rxc1 46. Kg3 Rc4 47. h3 b5 48. f4 b4 49. f5 b3 50. f6 b2 0-1

[Event "Montcalm 7 2024-25"]
[Site "Quebec CAN"]
[Date "2025.05.08"]
[Round "2"]
[White "Demushkina, Alina"]
[Black "Simard, Rejean"]
[Result "1-0"]
[WhiteElo "1672"]
[BlackElo "998"]
[WhiteFideId "-1"]
[WhiteFideId "-1"]
[PlyCount "95"]
[GameId "2176048015459668"]
[EventDate "2025.05.01"]
[EventType "swiss"]
[EventRounds "5"]
[EventCountry "CAN"]

1. e4 e5 2. Nf3 d6 3. c3 Nf6 4. h3 Nbd7 5. d3 Be7 6. Be3 O-O 7. Be2 Re8 8. Qc2 Bf8 9. O-O c6 10. Nbd2 Qc7 11. d4 b6 12. dxe5 dxe5 13. Rad1 Bb7 14. c4 Rad8 15. Nb1 h6 16. Nc3 Nc5 17. b4 Ne6 18. a3 c5 19. Nd5 Nxd5 20. cxd5 cxb4 21. Qxc7 Nxc7 22. Rc1 Rc8 23. axb4 Bxb4 24. Rb1 Bd6 25. Nd2 Na6 26. Nc4 Red8 27. Nxd6 Rxd6 28. Ra1 Nc5 29. Bxc5 bxc5 30. Rxa7 Rb8 31. Rb1 Rd7 32. Ba6 Ra8 33. Rxa8+ Bxa8 34. Rb8+ Kh7 35. Rxa8 Rd6 36. Bc4 Kg6 37. Ra6 Rxa6 38. Bxa6 Kf6 39. Kf1 Ke7 40. Ke2 Kd6 41. Kd3 g6 42. g4 f5 43. gxf5 gxf5 44. exf5 Kxd5 45. Bc4+ Kd6 46. Ke4 h5 47. h4 Ke7 48. Kxe5 1-0